000 02072cam a22004814i 4500
003 PE-LiUPU
005 20250731173116.0
008 190529s1973 miu r 000 0 eng d
020 _a0801088135
020 _a9780801088131
035 _a(Sirsi) a252222
040 _aPE-LiUPU
_bspa
_cPE-LiUPU
_erda
049 _aPRUA
082 0 4 _a201
_bT83
_220
100 1 _aTrueblood, D. Elton,
_eautor.
245 1 0 _aPhilosophy of religion /
_cDavid Elton Trueblood.
264 1 _aMichigan :
_bBaker Book House,
_c1973.
300 _axv, 324 páginas ;
_c22 centímetros
336 _atext
_2rdacontent
337 _aunmediated
_2rdamedia
338 _avolume
_2rdacarrier
504 _aÍndice: páginas 322-324.
505 0 _aThe logic of religion -- The necessity of philosophy -- Faith and reason -- The possibility of truth -- The mystery of knowledge -- The nature of evidence -- Theistic realism -- The theistic hypothesis -- The evidence of scientific experience -- The evidence of moral experience -- The evidence of aesthetic experience -- The evidence of historical experience -- The evidence of religious experience -- Challenges to faith -- The challenge of dialectical materialism -- The challenge of Freud -- The challenge of logical positivism -- Enduring problems -- Naturalism and supernaturalism -- The existence of world religions -- The problem of evil -- Summation -- God -- Freedom -- Immortality.
526 _aSEG42
526 _aSEG41
526 _aSEG40
526 _aSEG39
526 _aP94
526 _aP87
526 _aP86
526 _aP85
526 _aP77
526 _aP76
526 _aP35
650 0 4 _aReligión
_xFilosofía.
910 _adbm
_bncf
_cncf
_d20190529
942 _2ddc
_cBOOK
994 _aC0
_bPEPRU
598 _aCATALOGING
596 _a1
999 _a201 T83
_wDEWEY
_c31468
_i51224
_f2021-11-9
_g3
_lCCODEBUL1
_mBUL
_p12.64
_r0
_sY
_tBOOK
_u2019-5-29
_xTEOLOGIA
_PP35
_0COMPRA
_o.STAFF. Colección Teología
_d31468
980 _81
_gALBERTO SANCHEZ Responsable de Automatización